Zinsrisikomanagement in Banken.

Elasticita úspešnosti úrokov. Podmienky úspechu každého obchodu na celkovom úspechu banky a význam marže (rozpätia) štruktúry a podmienok. Výpočet diferencie medzi aktívnou a pasívnou stránkou ako kondičného príspevku. Status rizika pri celkovom podnikaní. Výpočet veličiny elasticity úspešnosti úrok...

Ausführliche Beschreibung

Gespeichert in:
Bibliographische Detailangaben
1. Verfasser: Bickart, T.
Format: Buchkapitel
Sprache:Deutsch
Schlagworte:
Tags: Tag hinzufügen
Keine Tags, Fügen Sie das erste Tag hinzu!

MARC

LEADER 00000naa a2200000 4500
001 r010958
005 20221130113439.5
041 0 |a ger 
044 |a DE 
245 1 0 |a Zinsrisikomanagement in Banken.  |c T. Bickart 
520 |a Elasticita úspešnosti úrokov. Podmienky úspechu každého obchodu na celkovom úspechu banky a význam marže (rozpätia) štruktúry a podmienok. Výpočet diferencie medzi aktívnou a pasívnou stránkou ako kondičného príspevku. Status rizika pri celkovom podnikaní. Výpočet veličiny elasticity úspešnosti úroku. Empirický výskum elasticity. Regresná analýza. 
610 2 0 |a úrok 
610 2 0 |a banky 
610 2 0 |a operácie bankové 
610 2 0 |a riziko 
610 2 0 |a podnikanie 
610 2 0 |a analýza regresná 
610 2 0 |a manažment 
100 1 |a Bickart, T.